000 00694nam a2200265Ia 4500
003 OSt
005 20221005062459.0
006 a|||||r|||| 00| 0
007 ta
008 221004b |||||||| |||| 00| 0 eng d
024 _a57724
037 _cTextual
040 _aCRL
_cCRL
_beng
041 _2eng
_aeng
082 _aT:31, N3
100 _aFox James Alan
_9239277
245 0 _aHow to work with the media.
260 _aLondon
_bSage
_c1993
300 _a93p.
_ccm.
490 _asurvival skill for scholars,2.
650 _aEDUCATION
700 _a Levin Jack
_9147458
942 _hT:31, N3
_cTEXL
_2cc
999 _c969789
_d969789